ZAYN - Love Like This (Lyrics) - Statistics

General Stats
  • This quiz has been taken 40 times
  • The average score is 398 of 490
Answer Stats
Answer % Correct
a
100%
I
100%
love
100%
my
100%
when
100%
When
100%
you
100%
You
100%
you,
100%
back
97%
back,
97%
go
97%
it
97%
on
97%
the
97%
the,
97%
got
93%
Got
93%
like
93%
line,
93%
line
93%
show,
93%
show
93%
that
93%
be
90%
ever
90%
If
90%
if
90%
is
90%
wanna
90%
can
87%
Everything
87%
everything
87%
time
87%
your
87%
Your
87%
are
83%
baby
83%
but
83%
But
83%
in
83%
In
83%
me
83%
never
83%
rather
83%
this
83%
waste
83%
with
83%
don't
80%
I'm
80%
no
80%
to
80%
try
80%
Try
80%
without
80%
and
77%
And
77%
'cause
77%
it's
77%
Two,
77%
Two
77%
would
77%
crown
73%
guess
73%
jump
73%
kiss,
73%
mind
73%
One
73%
Usually,
73%
all
70%
All
70%
dead
70%
that's
70%
life
70%
take
70%
that's
70%
direction
67%
make
67%
Make
67%
roll,
67%
roll
67%
say,
67%
say
67%
zone,
67%
zone
67%
cannot
63%
just
63%
up
63%
know
60%
what
60%
What
60%
you're
60%
am
57%
chips
57%
gonna
57%
hips
57%
right
57%
six,
57%
they
57%
black
53%
Doesn't
53%
fine
53%
four,
53%
Give
53%
left
53%
lived
53%
matter
53%
faith
50%
from
50%
hair
50%
mean
50%
think
50%
attached
47%
can't
47%
dump
47%
jack
47%
risk
47%
chase,
43%
clothes
43%
How
43%
or
43%
skate
43%
stare
43%
wrapped
43%
'em
40%
hit
40%
name,
40%
gotta
33%
of
27%
loving
23%
let
20%
No matching quizzes found
Score Distribution
Percent of People with Each Score
Percentile by Number Answered
Your Score History
You have not taken this quiz